书目信息 |
| 题名: |
十三经引得
|
|
| 作者: | ;宗青图书出版公司 编 | |
| 分册: | 二 春秋左传 | |
| 出版信息: | 台北 宗青图书出版公司 1989.01 |
|
| 页数: | 944页 | |
| 开本: | 21cm | |
| 丛书名: | 汉学索引集成 | |
| 单 册: | ||
| 中图分类: | Z89 | |
| 科图分类: | ||
| 主题词: | 文摘 , 索引 | |
| 电子资源: | ||
| ISBN: | ||
| 000 | 00767nam0 2200253 45 | |
| 001 | 0505081449 | |
| 005 | 20061127140726.26 | |
| 010 | @b精装@dCNY1400.00 | |
| 100 | @a20050508d1989 km y0chiy0120 ea | |
| 101 | 0 | @achi |
| 105 | @a z 000yy | |
| 200 | 1 | @a十三经引得@AShi San Jing Yin De@i春秋左传@h二@f宗青图书出版公司编@FZong Qing Tu Shu Chu Ban Gong Si Bian |
| 210 | @a台北@c宗青图书出版公司@d1989.01 | |
| 215 | @a944页@d21cm | |
| 225 | @a汉学索引集成@f蒋致远主编 | |
| 410 | @12001 @a汉学索引集成 | |
| 410 | @1700 0@a蒋致远@AJiang Zhi Yuan@4主编 | |
| 517 | @a春秋左传@AChun Qiu Zuo Chuan | |
| 606 | 0 | @a文摘 |
| 606 | 0 | @a索引 |
| 690 | @aZ89@v3 | |
| 711 | 02 | @a宗青图书出版公司@4编 |
| 801 | @aCN@bPftUser@c20061127 | |
| 905 | @dZ89@e103:5(2)@f1@b261179 | |
| 十三经引得.春秋左传.二/宗青图书出版公司编.-台北:宗青图书出版公司,1989.01 |
| 944页;21cm.-(汉学索引集成/蒋致远主编) |
| ISBN (精装):CNY1400.00 |
| ● |
| 相关链接 |
|
|
|
|
正题名:十三经引得
索取号:Z89/103:5(2)
 
预约/预借
| 序号 | 登录号 | 条形码 | 馆藏地/架位号 | 状态 | 备注 |
| 1 | 0261178 | 202130791 | 第二样本阅览室/ [索取号:Z89/103:5(2)] | 在馆 | |
| 2 | 0261179 | 000431562 | 工具书阅览室/ [索取号:Z89/103:5(2)] | 在馆 |